[Event "RUS-Cup 300 years"]
[Site "St Petersburg"]
[Date "2003.10.26"]
[Round "9"]
[White "Yevseev, Denis"]
[Black "Mirovshchikov, Sergey"]
[Result "1-0"]
[WhiteElo "2592"]
[BlackElo "2398"]
[PlyCount "69"]
[EventDate "2003.10.18"]
[EventType "swiss"]
[EventRounds "9"]
[EventCountry "RUS"]
[SourceTitle "EXT 2004"]
[Source "ChessBase"]
[SourceDate "2003.11.25"]
[SourceVersion "1"]
[SourceVersionDate "2003.11.25"]
[SourceQuality "1"]

1. d4 d5 2. c4 e6 3. Nf3 Nf6 4. g3 Be7 5. Bg2 c6 6. 0-0 b6 7. Nc3 Nbd7 8. Ne5 Bb7 9. Qa4 Nxe5 10. dxe5 Nd7 11. cxd5 cxd5 12. e4 d4 13. Qxd4 a6 14. Bf4 0-0 15. Rfd1 Bc6 16. b4 Ra7 17. Rac1 Qa8 18. h4 h6 19. a3 Rc8 20. Qe3 Bf8 21. h5 Rb7 22. g4 Rbc7 23. Qg3 Bb7 24. g5 hxg5 25. Bxg5 a5 26. h6 g6 27. Qf4 Nb8 28. h7+ Kxh7 29. Rd3 Kg8 30. Rh3 Bg7 31. Bf6 Rxc3 32. Rcxc3 Rxc3 33. Rxc3 axb4 34. Bxg7 bxc3 35. Qh6 1-0

[Event "RUS-Cup 300 years"]
[Site "St Petersburg"]
[Date "2003.10.23"]
[Round "6"]
[White "Mirovshchikov, Sergey"]
[Black "Zakharevich, Igor"]
[Result "0-1"]
[WhiteElo "2398"]
[BlackElo "2524"]
[PlyCount "128"]
[EventDate "2003.10.18"]
[EventType "swiss"]
[EventRounds "9"]
[EventCountry "RUS"]
[SourceTitle "EXT 2004"]
[Source "ChessBase"]
[SourceDate "2003.11.25"]
[SourceVersion "1"]
[SourceVersionDate "2003.11.25"]
[SourceQuality "1"]

1. Nf3 g6 2. d4 Bg7 3. c4 Nf6 4. Nc3 0-0 5. g3 d6 6. Bg2 Nc6 7. d5 Na5 8. Nd2 c5 9. Qc2 a6 10. Rb1 e6 11. 0-0 exd5 12. cxd5 Bd7 13. b3 b5 14. Bb2 Re8 15. Rfe1 Nb7 16. h3 Rc8 17. e4 Qb6 18. Rf1 Nh5 19. Ne2 Qd8 20. Bc3 Bxc3 21. Qxc3 Qf6 22. Rfc1 Qxc3 23. Rxc3 Nf6 24. Re3 b4 25. Nf4 Bb5 26. Bf1 Rc7 27. Nd3 Rce7 28. Rbe1 Kg7 29. Nb2 Na5 30. g4 h6 31. Kg2 Nd7 32. Bd3 Nb6 33. Bc4 Bxc4 34. Nbxc4 Naxc4 35. Nxc4 Nxc4 36. bxc4 a5 37. f4 g5 38. Kf3 a4 39. Kg3 Rb7 40. Rb1 Reb8 41. Rb2 b3 42. a3 Re7 43. Kf3 gxf4 44. Kxf4 h5 45. Rg3 Rbe8 46. Re2 Re5 47. Rg1 hxg4 48. hxg4 Rh8 49. Kg3 Rh6 50. Rf1 Rf6 51. Rh1 Rg6 52. Rf1 Reg5 53. Rf4 Rf6 54. Rh2 Rgg6 55. e5 dxe5 56. Re4 Rf1 57. Rd2 Rb6 58. Ree2 Rf4 59. Rxe5 Rxc4 60. d6 Rd4 61. Rg5+ Kf8 62. Rxd4 cxd4 63. d7 Ke7 64. Rd5 Kd8 0-1

[Event "RUS-Cup 300 years"]
[Site "St Petersburg"]
[Date "2003.10.18"]
[Round "1"]
[White "Gleizerov, Evgeny"]
[Black "Mirovshchikov, Sergey"]
[Result "1-0"]
[WhiteElo "2574"]
[BlackElo "2398"]
[PlyCount "49"]
[EventDate "2003.10.18"]
[EventType "swiss"]
[EventRounds "9"]
[EventCountry "RUS"]
[SourceTitle "EXT 2004"]
[Source "ChessBase"]
[SourceDate "2003.11.25"]
[SourceVersion "1"]
[SourceVersionDate "2003.11.25"]
[SourceQuality "1"]

1. d4 d5 2. c4 e6 3. Nf3 Be7 4. g3 Nf6 5. Bg2 c6 6. 0-0 Nbd7 7. Qd3 b6 8. Nc3 Ba6 9. b3 Rc8 10. Rd1 0-0 11. e4 c5 12. exd5 exd5 13. dxc5 dxc4 14. bxc4 Bxc5 15. Nb5 Nb8 16. Qf1 Qe7 17. Re1 Ne4 18. Ng5 f5 19. Nxe4 fxe4 20. Bxe4 Kh8 21. Qh3 h6 22. Bxh6 Bxf2+ 23. Kg2 Qxe4+ 24. Rxe4 Bb7 25. Nd6 1-0

[Event "St Petersburg White Nights op"]
[Site "St Petersburg"]
[Date "2003.07.06"]
[Round "8"]
[White "Karasev, Vladimir I"]
[Black "Mirovshchikov, Sergey"]
[Result "1/2-1/2"]
[WhiteElo "2429"]
[BlackElo "2396"]
[PlyCount "103"]
[EventDate "2003.06.29"]
[EventType "swiss"]
[EventRounds "9"]
[EventCountry "RUS"]
[SourceTitle "EXT 2004"]
[Source "ChessBase"]
[SourceDate "2003.11.25"]
[SourceVersion "1"]
[SourceVersionDate "2003.11.25"]
[SourceQuality "1"]

1. d4 d5 2. c4 e6 3. Nc3 Be7 4. Nf3 Nf6 5. Bg5 h6 6. Bh4 b6 7. e3 Bb7 8. Bxf6 Bxf6 9. cxd5 exd5 10. Bd3 Nd7 11. b4 c6 12. 0-0 0-0 13. Rc1 Re8 14. Qb3 Nf8 15. e4 dxe4 16. Bxe4 Rb8 17. Rfd1 Qe7 18. Qa4 a6 19. Qb3 Rbd8 20. a4 Ne6 21. d5 cxd5 22. Nxd5 Bxd5 23. Bxd5 Rxd5 24. Qxd5 Nf4 25. Qc4 Ne2+ 26. Kf1 Nxc1 27. Rxc1 Rd8 28. Re1 Qd6 29. b5 axb5 30. axb5 g6 31. h4 Kg7 32. h5 Qd3+ 33. Qxd3 Rxd3 34. hxg6 Rb3 35. gxf7 Rxb5 36. Nd2 Kxf7 37. Ne4 Be7 38. g4 Rb3 39. Rc1 b5 40. Rc6 Bg5 41. Ke2 Kg7 42. Ng3 Kh7 43. Rc7+ Kg8 44. Nh5 Rb2+ 45. Kf1 Bh4 46. f4 b4 47. g5 hxg5 48. fxg5 Rf2+ 49. Kg1 Rf5 50. Nf6+ Kf8 51. Nh7+ Kg8 52. Nf6+ 1/2-1/2

[Event "St Petersburg White Nights op"]
[Site "St Petersburg"]
[Date "2003.07.04"]
[Round "6"]
[White "Sivokho, Sergey V"]
[Black "Mirovshchikov, Sergey"]
[Result "1-0"]
[WhiteElo "2494"]
[BlackElo "2396"]
[PlyCount "57"]
[EventDate "2003.06.29"]
[EventType "swiss"]
[EventRounds "9"]
[EventCountry "RUS"]
[SourceTitle "EXT 2004"]
[Source "ChessBase"]
[SourceDate "2003.11.25"]
[SourceVersion "1"]
[SourceVersionDate "2003.11.25"]
[SourceQuality "1"]

1. e4 c5 2. Nf3 e6 3. d4 cxd4 4. Nxd4 d6 5. Nc3 Nc6 6. g4 h6 7. Be3 a6 8. h3 Be7 9. Qd2 Nf6 10. 0-0-0 Qc7 11. f4 Bd7 12. Rg1 b5 13. a3 b4 14. axb4 Nxb4 15. g5 hxg5 16. fxg5 Nh5 17. Kb1 Rb8 18. Nb3 g6 19. Be2 Ng7 20. Bg4 a5 21. Bd4 0-0 22. Bf6 Bc6 23. Bxe7 Qxe7 24. Qxd6 Qxg5 25. Bxe6 Qf6 26. Bc4 Qxd6 27. Rxd6 Kh7 28. Nxa5 Ba8 29. Rd7 1-0

[Event "St Petersburg White Nights op"]
[Site "St Petersburg"]
[Date "2003.06.29"]
[Round "1"]
[White "Eliseev, Alexey"]
[Black "Mirovshchikov, Sergey"]
[Result "0-1"]
[WhiteElo "2468"]
[BlackElo "2396"]
[PlyCount "122"]
[EventDate "2003.06.29"]
[EventType "swiss"]
[EventRounds "9"]
[EventCountry "RUS"]
[SourceTitle "EXT 2004"]
[Source "ChessBase"]
[SourceDate "2003.11.25"]
[SourceVersion "1"]
[SourceVersionDate "2003.11.25"]
[SourceQuality "1"]

1. d4 d5 2. Nf3 Nf6 3. Bg5 Ne4 4. Bh4 c6 5. e3 Qb6 6. Qc1 Bf5 7. Be2 Nd7 8. c4 e6 9. 0-0 h6 10. Nc3 g5 11. Bg3 Nxg3 12. hxg3 Bg7 13. a3 0-0 14. b4 Rac8 15. Qd2 Rfd8 16. Bd3 Bxd3 17. Qxd3 Qa6 18. Nd2 e5 19. Rfc1 exd4 20. exd4 dxc4 21. Nxc4 c5 22. b5 Qg6 23. Qxg6 fxg6 24. d5 Nb6 25. Na5 Nxd5 26. Nxd5 Rxd5 27. Rab1 Rd2 28. Nb3 Ra2 29. Rxc5 Rf8 30. f3 Rxa3 31. Rc2 Ra4 32. Nd2 g4 33. Kf2 gxf3 34. gxf3 Bd4+ 35. Ke2 Bb6 36. Rb3 Rd4 37. Ne4 g5 38. g4 Rd7 39. Rcc3 Kg7 40. Rd3 Rfd8 41. Rxd7+ Rxd7 42. Rd3 Rxd3 43. Kxd3 Kf7 44. Nd6+ Ke6 45. Nf5 Kd5 46. Nxh6 Bd8 47. Nf5 Kc5 48. Nd4 Bf6 49. Ne6+ Kxb5 50. f4 gxf4 51. g5 Bxg5 52. Nxg5 Kb4 53. Ne6 f3 54. Nd4 f2 55. Ke2 Kc4 56. Nc2 Kc3 57. Ne3 a5 58. Nd1+ Kc2 59. Ne3+ Kb3 60. Kxf2 a4 61. Ke2 a3 0-1

[Event "Serpukhov-I"]
[Site "Serpukhov"]
[Date "2003.??.??"]
[Round "3"]
[White "Mirovshchikov, Sergey"]
[Black "Agapov, Sergey"]
[Result "1-0"]
[WhiteElo "2395"]
[BlackElo "2232"]
[PlyCount "81"]
[EventDate "2003.??.??"]
[EventType "tourn"]
[EventRounds "13"]
[EventCountry "RUS"]
[SourceTitle "EXT 2005"]
[Source "ChessBase"]
[SourceDate "2004.11.15"]
[SourceVersion "1"]
[SourceVersionDate "2004.11.15"]
[SourceQuality "1"]

1. c4 e5 2. d3 Nf6 3. Nc3 d5 4. cxd5 Nxd5 5. Nf3 Nc6 6. e3 Be7 7. Be2 0-0 8. 0-0 Be6 9. Qc2 f6 10. Bd2 Kh8 11. Rfd1 g5 12. Nxd5 Qxd5 13. a3 g4 14. Ne1 a5 15. Bc3 Rg8 16. Qd2 Nd4 17. exd4 exd4 18. Nc2 dxc3 19. Qxc3 Rg6 20. Ne3 Qd6 21. Rac1 c6 22. d4 Rg5 23. Bc4 Bd7 24. d5 c5 25. Qd3 f5 26. Bb5 Rh5 27. Nf1 f4 28. Bxd7 Qxd7 29. Qc3+ Kg8 30. d6 Bxd6 31. Qd2 Ra6 32. Rc3 Qf7 33. Rd3 Rh6 34. Rd5 Rg6 35. Qd3 Bf8 36. Rd7 Qe6 37. Rxb7 Rd6 38. Qc2 Rd5 39. Rb6 Qxb6 40. Rxd5 Qe6 41. Qd2 1-0

[Event "Serpukhov-I"]
[Site "Serpukhov"]
[Date "2003.??.??"]
[Round "11"]
[White "Mirovshchikov, Sergey"]
[Black "Gulkov, Igor A"]
[Result "1/2-1/2"]
[WhiteElo "2395"]
[BlackElo "2355"]
[PlyCount "71"]
[EventDate "2003.??.??"]
[EventType "tourn"]
[EventRounds "13"]
[EventCountry "RUS"]
[SourceTitle "EXT 2005"]
[Source "ChessBase"]
[SourceDate "2004.11.15"]
[SourceVersion "1"]
[SourceVersionDate "2004.11.15"]
[SourceQuality "1"]

1. d4 Nf6 2. c4 g6 3. Nc3 Bg7 4. e4 d6 5. Nf3 0-0 6. Be2 e5 7. 0-0 Nc6 8. d5 Ne7 9. Nd2 a5 10. Rb1 Nd7 11. a3 f5 12. b4 Kh8 13. f3 Ng8 14. Nb3 axb4 15. axb4 Ndf6 16. c5 Nh5 17. g3 Nhf6 18. Ra1 Rxa1 19. Nxa1 fxe4 20. fxe4 Bh3 21. Rf2 h5 22. Nb3 Ng4 23. Rf3 Bh6 24. Rxf8 Qxf8 25. Bxg4 Bxg4 26. Qf1 Qxf1+ 27. Kxf1 Bxc1 28. Nxc1 Nf6 29. Nb3 Kg7 30. cxd6 cxd6 31. Na5 Bf3 32. Nxb7 Bxe4 33. Nxd6 Bxd5 34. b5 Bf3 35. Kf2 Bh1 36. Ke3 1/2-1/2

[Event "Serpukhov-I"]
[Site "Serpukhov"]
[Date "2003.??.??"]
[Round "9"]
[White "Mirovshchikov, Sergey"]
[Black "Meshcheriakova, Evgenia"]
[Result "1-0"]
[WhiteElo "2395"]
[BlackElo "2320"]
[PlyCount "75"]
[EventDate "2003.??.??"]
[EventType "tourn"]
[EventRounds "13"]
[EventCountry "RUS"]
[SourceTitle "EXT 2005"]
[Source "ChessBase"]
[SourceDate "2004.11.15"]
[SourceVersion "1"]
[SourceVersionDate "2004.11.15"]
[SourceQuality "1"]

1. Nf3 Nf6 2. c4 b6 3. g3 Bb7 4. Bg2 e6 5. 0-0 Be7 6. Nc3 0-0 7. Re1 c5 8. e4 d6 9. d4 cxd4 10. Nxd4 Qc8 11. Qe2 g6 12. b3 Nbd7 13. Bb2 a6 14. Rad1 Qc7 15. h3 Rac8 16. Nc2 Qb8 17. Ne3 Qa8 18. Ng4 e5 19. Nxf6+ Nxf6 20. Ba3 Rfd8 21. Qe3 Qa7 22. Re2 Ba8 23. f4 Bf8 24. Na4 Rb8 25. fxe5 dxe5 26. Rxd8 Rxd8 27. Bxf8 Kxf8 28. Nxb6 Kg7 29. Nd5 Qxe3+ 30. Rxe3 Ne8 31. g4 f6 32. Kf2 Kf7 33. Ke2 Ng7 34. Rf3 Bxd5 35. cxd5 Rc8 36. Kd2 Ke7 37. Rc3 Rxc3 38. Kxc3 1-0

[Event "Serpukhov-I"]
[Site "Serpukhov"]
[Date "2003.??.??"]
[Round "12"]
[White "Panush, Viktor"]
[Black "Mirovshchikov, Sergey"]
[Result "0-1"]
[WhiteElo "2271"]
[BlackElo "2395"]
[PlyCount "84"]
[EventDate "2003.??.??"]
[EventType "tourn"]
[EventRounds "13"]
[EventCountry "RUS"]
[SourceTitle "EXT 2005"]
[Source "ChessBase"]
[SourceDate "2004.11.15"]
[SourceVersion "1"]
[SourceVersionDate "2004.11.15"]
[SourceQuality "1"]

1. e4 c5 2. Nf3 e6 3. d3 Nf6 4. g3 d5 5. Nbd2 b6 6. Bg2 Bb7 7. exd5 Bxd5 8. 0-0 Nbd7 9. Re1 Bd6 10. Ne4 Bc7 11. Nc3 Bc6 12. d4 0-0 13. dxc5 Nxc5 14. Be3 Qc8 15. Qe2 Qb7 16. Rad1 Ng4 17. Bc1 Ne5 18. Nxe5 Bxg2 19. f3 Bxe5 20. Kxg2 Bxc3 21. bxc3 Rfd8 22. Rd4 Rd5 23. Red1 Rad8 24. R1d2 h6 25. Qd1 Qa6 26. Rxd5 Rxd5 27. Rxd5 exd5 28. a3 Qc4 29. Qe1 Ne6 30. Be3 Qa2 31. Qc1 Nc7 32. Bf2 Ne6 33. h4 Kf8 34. Kf1 Ke7 35. f4 g6 36. Bd4 h5 37. Be5 Kd7 38. Bb8 Kc8 39. Bd6 Kd7 40. Bb8 Kc6 41. Be5 Nc5 42. f5 Qc4+ 0-1

[Event "Tula Suetin Memorial op"]
[Site "Tula"]
[Date "2002.03.24"]
[Round "2"]
[White "Mirovshchikov, Sergey"]
[Black "Kornev, Alexei"]
[Result "0-1"]
[WhiteElo "2402"]
[BlackElo "2536"]
[PlyCount "115"]
[EventDate "2002.03.23"]
[EventType "swiss"]
[EventRounds "9"]
[EventCountry "RUS"]
[SourceTitle "CBM 087 Extra"]
[Source "ChessBase"]
[SourceDate "2002.05.03"]
[SourceVersion "2"]
[SourceVersionDate "2002.08.09"]
[SourceQuality "1"]

1. Nf3 d5 2. d4 Nf6 3. c4 c6 4. e3 a6 5. Bd3 Bg4 6. Qb3 Bxf3 7. gxf3 Ra7 8. Bd2 e6 9. Bb4 dxc4 10. Bxc4 b5 11. Be2 Bxb4+ 12. Qxb4 Re7 13. f4 Nd5 14. Qa3 0-0 15. Nd2 f6 16. Nf3 Kh8 17. Rc1 Qe8 18. Rg1 Qf7 19. Rg2 Rd8 20. Kf1 Rc7 21. Kg1 Qe7 22. Qxe7 Nxe7 23. Kh1 Nd7 24. Rgg1 Nd5 25. Rgd1 Rdc8 26. Bd3 g6 27. Be4 Kg7 28. Kg2 f5 29. Bxd5 cxd5 30. Rxc7 Rxc7 31. Rd2 Rc1 32. Ne5 Nxe5 33. dxe5 Kf7 34. Rd3 a5 35. Rb3 Rc5 36. Kf3 Ke7 37. Ke2 Kd7 38. Kd2 b4 39. a3 Rc4 40. axb4 axb4 41. Rd3 Kc6 42. Kd1 Kb5 43. b3 Rc7 44. Rd2 Rc3 45. Rb2 Kc5 46. Ra2 Rxb3 47. Ra6 Rb2 48. Rxe6 Rxf2 49. Re8 Kc4 50. Rd8 Ra2 51. e6 Ra7 52. Rd7 Ra6 53. e7 Re6 54. Kd2 Kc5 55. Rb7 Kd6 56. Rxb4 Rxe7 57. h4 Ra7 58. h5 0-1

[Event "Petrov Memorial op"]
[Site "St Petersburg"]
[Date "2002.02.19"]
[Round "8"]
[White "Mirovshchikov, Sergey"]
[Black "Zemerov, Vladimir"]
[Result "1/2-1/2"]
[WhiteElo "2402"]
[BlackElo "2317"]
[PlyCount "103"]
[EventDate "2002.02.12"]
[EventType "swiss"]
[EventRounds "9"]
[EventCountry "RUS"]
[SourceTitle "CBM 086 Extra"]
[Source "ChessBase"]
[SourceDate "2002.03.14"]
[SourceVersion "1"]
[SourceVersionDate "2002.03.14"]
[SourceQuality "1"]

1. Nf3 d5 2. c4 e6 3. d4 c6 4. e3 f5 5. Be2 Nf6 6. 0-0 Bd6 7. b3 Qe7 8. a4 a5 9. Ba3 Bxa3 10. Nxa3 0-0 11. Ne5 Nbd7 12. Nxd7 Bxd7 13. Nc2 Kh8 14. Ne1 Ne4 15. Nd3 Rf6 16. f3 Nd6 17. c5 Nf7 18. f4 Rh6 19. Qe1 g5 20. g3 Be8 21. Qf2 g4 22. Rfb1 Rg6 23. Bf1 h5 24. b4 axb4 25. a5 h4 26. Rxb4 hxg3 27. hxg3 Rh6 28. a6 bxa6 29. Rab1 Rh7 30. Rb8 Rxb8 31. Rxb8 Kg7 32. Qb2 Rh8 33. Ra8 Kf6 34. Rxa6 Qf8 35. Rb6 Qh6 36. Qg2 Bd7 37. Nb4 Nd8 38. Bd3 Qh7 39. Bf1 Qh5 40. Nd3 Nf7 41. Rb7 Be8 42. Rc7 Qh6 43. Nb4 Nd8 44. Ba6 Qh5 45. Nd3 Nf7 46. Bc8 Nd8 47. Ne5 Rh7 48. Bd7 Qh6 49. Ra7 Qf8 50. Rc7 Qh6 51. Ra7 Qf8 52. Rc7 1/2-1/2

[Event "Petrov Memorial op"]
[Site "St Petersburg"]
[Date "2002.02.16"]
[Round "5"]
[White "Tsigelnitskiy, Ilusha"]
[Black "Mirovshchikov, Sergey"]
[Result "0-1"]
[WhiteElo "2321"]
[BlackElo "2402"]
[PlyCount "40"]
[EventDate "2002.02.12"]
[EventType "swiss"]
[EventRounds "9"]
[EventCountry "RUS"]
[SourceTitle "CBM 086 Extra"]
[Source "ChessBase"]
[SourceDate "2002.03.14"]
[SourceVersion "1"]
[SourceVersionDate "2002.03.14"]
[SourceQuality "1"]

1. e4 c5 2. Nf3 e6 3. d4 cxd4 4. Nxd4 Nc6 5. Nc3 d6 6. Be3 Nf6 7. Be2 Be7 8. 0-0 0-0 9. f4 e5 10. Nb3 exf4 11. Bxf4 Be6 12. Kh1 d5 13. e5 Nd7 14. Nxd5 Ndxe5 15. c4 Bg5 16. Nc5 Bxf4 17. Nxe6 fxe6 18. Nxf4 Qe7 19. Bg4 Kh8 20. Bh3 g5 0-1

[Event "Petrov Memorial op"]
[Site "St Petersburg"]
[Date "2002.02.12"]
[Round "1"]
[White "Lobanov, Konstantin"]
[Black "Mirovshchikov, Sergey"]
[Result "0-1"]
[WhiteElo "2126"]
[BlackElo "2402"]
[PlyCount "84"]
[EventDate "2002.02.12"]
[EventType "swiss"]
[EventRounds "9"]
[EventCountry "RUS"]
[SourceTitle "CBM 086 Extra"]
[Source "ChessBase"]
[SourceDate "2002.03.14"]
[SourceVersion "1"]
[SourceVersionDate "2002.03.14"]
[SourceQuality "1"]

1. e4 c5 2. Nf3 e6 3. d4 cxd4 4. Nxd4 Nc6 5. Nc3 d6 6. Be3 Nf6 7. Bc4 a6 8. Bb3 Na5 9. Qe2 Qc7 10. 0-0-0 b5 11. Kb1 Nxb3 12. cxb3 Bb7 13. Bg5 Be7 14. f4 0-0 15. Rd3 Rfe8 16. g4 b4 17. Bxf6 Bxf6 18. Nd1 g6 19. Nc2 a5 20. Rd2 e5 21. fxe5 Rxe5 22. Nf2 d5 23. Rhd1 Re7 24. Qb5 dxe4 25. Rd7 Qc6 26. Qxc6 Bxc6 27. R7d6 Re6 28. Rxe6 fxe6 29. Rd6 Bd5 30. Ne3 Be5 31. Rd7 Bxh2 32. Nxd5 exd5 33. Rxd5 e3 34. Nd3 e2 35. Kc2 Re8 36. Kd2 Bf4+ 37. Ke1 Bg3+ 38. Kd2 e1Q+ 39. Nxe1 Bxe1+ 40. Kd1 Bh4 41. Rxa5 Re4 42. g5 Bf2 0-1

[Event "Moscow Aeroflot op"]
[Site "Moscow"]
[Date "2002.02.10"]
[Round "9"]
[White "Kosyrev, Vladimir"]
[Black "Mirovshchikov, Sergey"]
[Result "1/2-1/2"]
[WhiteElo "2565"]
[BlackElo "2402"]
[PlyCount "91"]
[EventDate "2002.02.04"]
[EventType "swiss"]
[EventRounds "9"]
[EventCountry "RUS"]
[SourceTitle "CBM 088"]
[Source "ChessBase"]
[SourceDate "2002.03.21"]
[SourceVersion "1"]
[SourceVersionDate "2002.03.21"]
[SourceQuality "1"]

1. d4 d5 2. c4 dxc4 3. e3 Nf6 4. Bxc4 e6 5. Nf3 c5 6. 0-0 a6 7. a4 Nc6 8. Qe2 cxd4 9. Rd1 Be7 10. exd4 0-0 11. Nc3 Nb4 12. Bg5 Nbd5 13. a5 Re8 14. Ne5 Bd7 15. Nxd5 exd5 16. Bxf6 dxc4 17. Bxe7 Qxe7 18. Qxc4 Bb5 19. Qb3 Qe6 20. Qxe6 Rxe6 21. Rac1 f6 22. Nf3 Rc6 23. Rxc6 Bxc6 24. h3 Rd8 25. Rd2 Rd5 26. b4 Rb5 27. Rb2 Bxf3 28. gxf3 Kf7 29. Kf1 Ke6 30. Ke2 Rh5 31. Ke3 Kd6 32. h4 Rxh4 33. b5 Rh1 34. bxa6 bxa6 35. Rb6+ Kd5 36. Rxa6 Re1+ 37. Kf4 Rd1 38. Ra8 Rxd4+ 39. Kf5 g6+ 40. Kxf6 Rf4+ 41. Kg7 Rxf3 42. a6 Kc6 43. Rb8 Ra3 44. Kxh7 Rxa6 45. Rg8 Kd5 46. Rxg6 1/2-1/2

[Event "Moscow Aeroflot op"]
[Site "Moscow"]
[Date "2002.02.09"]
[Round "8"]
[White "Mirovshchikov, Sergey"]
[Black "Kosteniuk, Alexandra"]
[Result "1-0"]
[WhiteElo "2402"]
[BlackElo "2469"]
[PlyCount "87"]
[EventDate "2002.02.04"]
[EventType "swiss"]
[EventRounds "9"]
[EventCountry "RUS"]
[SourceTitle "CBM 088"]
[Source "ChessBase"]
[SourceDate "2002.03.21"]
[SourceVersion "1"]
[SourceVersionDate "2002.03.21"]
[SourceQuality "1"]

1. c4 e6 2. d4 d5 3. Nf3 c6 4. e3 Nf6 5. Bd3 Nbd7 6. 0-0 dxc4 7. Bxc4 b5 8. Bd3 a6 9. a4 b4 10. Nbd2 c5 11. Nb3 Bb7 12. Qe2 Qc7 13. Bd2 Ne4 14. Rfc1 Nxd2 15. Nfxd2 Qb6 16. a5 Qa7 17. Be4 Rc8 18. Qf3 Bxe4 19. Qxe4 Be7 20. Rc4 0-0 21. Qc2 Rcd8 22. Ne4 cxd4 23. Nxd4 Qa8 24. Nc6 Rde8 25. Rd1 Nf6 26. Nxe7+ Rxe7 27. Nxf6+ gxf6 28. Rg4+ Kh8 29. Rh4 f5 30. Rxb4 f6 31. Rb6 Rg8 32. Qc6 Qxc6 33. Rxc6 Rb8 34. Rb6 Ra8 35. Rdd6 Rc8 36. g3 f4 37. exf4 Rc2 38. Rxe6 Rd7 39. Re3 Kg7 40. b4 Rdd2 41. Rf3 Rb2 42. f5 h5 43. Rf4 Rd5 44. Rxa6 1-0

[Event "Moscow Aeroflot op"]
[Site "Moscow"]
[Date "2002.02.07"]
[Round "4"]
[White "Mirovshchikov, Sergey"]
[Black "Inarkiev, Ernesto"]
[Result "1/2-1/2"]
[WhiteElo "2402"]
[BlackElo "2500"]
[PlyCount "85"]
[EventDate "2002.02.04"]
[EventType "swiss"]
[EventRounds "9"]
[EventCountry "RUS"]
[SourceTitle "CBM 088"]
[Source "ChessBase"]
[SourceDate "2002.03.21"]
[SourceVersion "1"]
[SourceVersionDate "2002.03.21"]
[SourceQuality "1"]

1. Nf3 g6 2. e4 Bg7 3. d4 d6 4. c3 Nf6 5. Bd3 0-0 6. 0-0 c5 7. h3 Nfd7 8. d5 a6 9. a4 Nf6 10. Be3 b6 11. Na3 e6 12. dxe6 Bxe6 13. Bc4 Nc6 14. Qd3 Qe8 15. Rad1 Rd8 16. Bxe6 fxe6 17. e5 dxe5 18. Qxa6 Nd5 19. Bg5 e4 20. Nh2 Ra8 21. Qc4 Ne5 22. Qxe4 Nxc3 23. bxc3 Rxa4 24. Qb7 Rxa3 25. Qxb6 Rxc3 26. Rd8 Qc6 27. Rxf8+ Kxf8 28. Qb8+ Kf7 29. Rd1 Ra3 30. Rd6 Ra8 31. Rxc6 Rxb8 32. Rc7+ Kg8 33. Rxc5 Nd3 34. Rc4 Be5 35. Nf1 Kg7 36. Be3 Rb5 37. Ra4 Rb7 38. Ra3 Nf4 39. Ra2 Nd5 40. Bd2 Bd4 41. Be3 Nxe3 42. Nxe3 Bxe3 43. fxe3 1/2-1/2

[Event "RUS-Cup07"]
[Site "Togliatti"]
[Date "2001.08.11"]
[Round "4"]
[White "Iljushin, Alexei"]
[Black "Mirovshchikov, Sergey"]
[Result "1/2-1/2"]
[WhiteElo "2529"]
[BlackElo "2394"]
[PlyCount "58"]
[EventDate "2001.08.08"]
[EventType "swiss"]
[EventRounds "9"]
[EventCountry "RUS"]
[SourceTitle "CBM 083 Extra"]
[Source "ChessBase"]
[SourceDate "2001.09.11"]
[SourceVersion "1"]
[SourceVersionDate "2001.09.11"]
[SourceQuality "1"]

1. c4 c5 2. Nc3 b6 3. e4 Bb7 4. g3 e6 5. Bg2 d6 6. f4 a6 7. d3 Be7 8. Nf3 Nf6 9. 0-0 0-0 10. h3 Nc6 11. g4 Ne8 12. Be3 Nc7 13. Qe2 d5 14. Nd1 b5 15. cxd5 exd5 16. Nf2 dxe4 17. dxe4 Ne6 18. Rad1 Qa5 19. f5 Ned4 20. Bxd4 Nxd4 21. Nxd4 cxd4 22. a3 Bf6 23. Nd3 Rfe8 24. e5 Bxg2 25. Qxg2 Bg5 26. Nf4 Rad8 27. e6 Bxf4 28. exf7+ Kxf7 29. Rxf4 Re1+ 1/2-1/2

[Event "RUS-Cup"]
[Site "Tula"]
[Date "2001.??.??"]
[Round "8"]
[White "Komliakov, Viktor"]
[Black "Mirovshchikov, Sergey"]
[Result "0-1"]
[WhiteElo "2463"]
[BlackElo "2351"]
[PlyCount "74"]
[EventDate "2001.??.??"]
[EventType "swiss"]
[EventRounds "9"]
[EventCountry "RUS"]
[SourceTitle "EXT 2002"]
[Source "ChessBase"]
[SourceDate "2001.11.25"]
[SourceVersion "1"]
[SourceVersionDate "2001.11.25"]
[SourceQuality "1"]

1. e4 c5 2. Nf3 e6 3. d3 d5 4. Nbd2 Nf6 5. g3 Nc6 6. Bg2 Be7 7. 0-0 b6 8. Re1 Bb7 9. c3 a6 10. e5 Nd7 11. h4 h6 12. Nf1 b5 13. h5 Qb6 14. d4 b4 15. c4 Nxd4 16. Nxd4 cxd4 17. cxd5 Bxd5 18. Bxd5 exd5 19. b3 Nf8 20. Kg2 Ne6 21. f4 0-0 22. Nh2 Rac8 23. Bb2 Rc6 24. Nf3 Rfc8 25. f5 Ng5 26. Nxd4 R6c7 27. Rc1 Rxc1 28. Bxc1 Rxc1 29. Qxc1 Qxd4 30. Qc8+ Bf8 31. Qxa6 Qg4 32. Qd3 Qh3+ 33. Kf2 Qh2+ 34. Kf1 Bc5 35. Re3 Ne4 36. Rf3 Qg1+ 37. Ke2 Nc3+ 0-1

[Event "RUS-Cup"]
[Site "Tula"]
[Date "2001.??.??"]
[Round "2"]
[White "Kuporosov, Viktor"]
[Black "Mirovshchikov, Sergey"]
[Result "1/2-1/2"]
[WhiteElo "2454"]
[BlackElo "2351"]
[PlyCount "101"]
[EventDate "2001.??.??"]
[EventType "swiss"]
[EventRounds "9"]
[EventCountry "RUS"]
[SourceTitle "EXT 2002"]
[Source "ChessBase"]
[SourceDate "2001.11.25"]
[SourceVersion "1"]
[SourceVersionDate "2001.11.25"]
[SourceQuality "1"]

1. e4 c5 2. Nf3 e6 3. d4 cxd4 4. Nxd4 Nc6 5. Nc3 d6 6. Be2 Be7 7. 0-0 Nf6 8. Kh1 0-0 9. f4 e5 10. Nb3 exf4 11. Bxf4 Be6 12. Qe1 Qc8 13. Rd1 Rd8 14. Qg3 Bg4 15. Bxg4 Qxg4 16. Nd4 Qxg3 17. Bxg3 d5 18. exd5 Nxd5 19. Nxd5 Rxd5 20. Nxc6 bxc6 21. Rxd5 cxd5 22. Rd1 Bf6 23. c3 Rd8 24. Kg1 a6 25. Kf1 Kf8 26. Ke2 Ke7 27. Kd3 Kd7 28. Re1 Kc6 29. Re2 Rc8 30. Bf4 Kd7 31. h3 h6 32. Bh2 g6 33. Rf2 Ke6 34. Re2+ Kd7 35. Rf2 Ke6 36. Re2+ Kd7 37. Bg1 Rc4 38. Bh2 h5 39. Bg3 Rc8 40. Bh2 Bg7 41. Bg3 Bf6 42. Be5 Bxe5 43. Rxe5 Kd6 44. Re2 f6 45. b3 Rb8 46. Kd4 a5 47. Rf2 Ke6 48. Rb2 Kd6 49. Rf2 Ke6 50. Re2+ Kd6 51. Rf2 1/2-1/2